[Event "Cto Aragon Equipos 2016 Pref Gr I"]
[Site "Aragon"]
[Date "2016.02.20"]
[Round "4.33"]
[White "Planas Torrea, Francisco Javie"]
[Black "Ainsa Claver, Ignacio"]
[Result "1-0"]
[WhiteElo "2040"]
[BlackElo "1954"]
[PlyCount "135"]
[EventDate "2016.??.??"]
[EventType "team-tourn"]
[EventRounds "9"]
[WhiteTeam "Ejea"]
[BlackTeam "Sabiñanigo"]

1. e4 e6 2. d4 d5 3. exd5 exd5 4. Bd3 Bd6 5. Qf3 Nc6 6. c3 Be6 7. Ne2 Qf6 8.
Qxf6 Nxf6 9. f3 O-O 10. Kf2 Ne7 11. g4 c5 12. Bf4 Bxf4 13. Nxf4 c4 14. Bc2 Ng6
15. Ng2 Nd7 16. Re1 Rae8 17. Nd2 Nb6 18. Nf1 Bd7 19. Ng3 Ne7 20. Re2 Nec8 21.
Ne3 g6 22. Rae1 f6 23. h4 Kf7 24. h5 Rh8 25. Ng2 Rxe2+ 26. Rxe2 Ne7 27. Nf4 g5
28. Ng2 h6 29. Ne3 Nbc8 30. Bf5 Rd8 31. Bxd7 Rxd7 32. Ngf5 Ng8 33. Ke1 Nce7 34.
Kd2 b5 35. Re1 a5 36. b3 Nc6 37. Rb1 Na7 38. a4 cxb3 39. Rxb3 bxa4 40. Ra3 Nc6
41. Rxa4 Ke6 42. Kc2 Rb7 43. Nxd5 Kxd5 44. c4+ Ke6 45. d5+ Kd7 46. dxc6+ Kxc6
47. Rxa5 Ne7 48. Nxh6 Kd6 49. Nf5+ Kd7 50. Ra6 Nc6 51. Kc3 Kc7 52. Nh6 Ne5 53.
Nf5 Kd8 54. Rxf6 Rc7 55. Ne3 Ra7 56. Kd4 Re7 57. c5 Nd7 58. Rd6 Kc8 59. Nf5 Re1
60. h6 Rd1+ 61. Ke3 Rh1 62. c6 Ne5 63. Rf6 Kc7 64. Ng3 Rh3 65. Ke4 Nxc6 66.
Rxc6+ Kxc6 67. Nh5 Rh1 68. Kf5 1-0

[Event "Cto Aragon Equipos 2016 Pref Gr I"]
[Site "Aragon"]
[Date "2016.02.20"]
[Round "4.34"]
[White "Avellanas Tomas, Jose"]
[Black "Planas Torrea, Alberto"]
[Result "1/2-1/2"]
[WhiteElo "1945"]
[BlackElo "1967"]
[PlyCount "52"]
[EventDate "2016.??.??"]
[EventType "team-tourn"]
[EventRounds "9"]
[WhiteTeam "Sabiñanigo"]
[BlackTeam "Ejea"]

1. d4 e6 2. c4 c6 3. Nc3 d5 4. e4 dxe4 5. Nxe4 Nf6 6. Nxf6+ Qxf6 7. Nf3 Bb4+ 8.
Bd2 Bxd2+ 9. Qxd2 O-O 10. Qg5 Qxg5 11. Nxg5 c5 12. Nf3 cxd4 13. Nxd4 Rd8 14.
O-O-O e5 15. Nb5 Rxd1+ 16. Kxd1 Na6 17. Bd3 Nb4 18. Bb1 Bg4+ 19. f3 Be6 20. b3
a6 21. Nc7 Rd8+ 22. Ke2 Bc8 23. Rd1 Rxd1 24. Kxd1 Kf8 25. a3 Nc6 26. Kd2 h6
1/2-1/2

[Event "Cto Aragon Equipos 2016 Pref Gr I"]
[Site "Aragon"]
[Date "2016.02.20"]
[Round "4.35"]
[White "Larios Villa, Francisco Javier"]
[Black "Climente Martinez, Jose Luis"]
[Result "0-1"]
[WhiteElo "1922"]
[BlackElo "1924"]
[PlyCount "94"]
[EventDate "2016.??.??"]
[EventType "team-tourn"]
[EventRounds "9"]
[WhiteTeam "Ejea"]
[BlackTeam "Sabiñanigo"]

1. b4 e5 2. Bb2 Bxb4 3. Bxe5 Nf6 4. Nf3 Nc6 5. Bxf6 Qxf6 6. c3 d5 7. e3 O-O 8.
Be2 Bd6 9. d4 Qg6 10. g3 Bh3 11. Bf1 Bxf1 12. Kxf1 Na5 13. Qe2 c6 14. Kg2 Rae8
15. Nbd2 f5 16. Qd3 Bc7 17. Rhe1 Re7 18. Rab1 b5 19. Nh4 Qf6 20. Rf1 g5 21.
Nhf3 Rg7 22. Ne1 h5 23. Nc2 f4 24. Qe2 Nc4 25. f3 Nxd2 26. Qxd2 fxg3 27. hxg3
h4 28. g4 Qd6 29. Kf2 Rgf7 30. Ke2 Rxf3 31. Rxf3 Qh2+ 32. Kd3 Qxd2+ 33. Kxd2
Rxf3 34. Nb4 Rf6 35. Rh1 a5 36. Nd3 Rf3 37. Ke2 Rg3 38. Nf2 a4 39. Kd2 Rg2 40.
Ke2 Bg3 41. Rf1 a3 42. Kf3 Rxf2+ 43. Rxf2 Bxf2 44. Kxf2 Kf7 45. Kf3 Ke6 46. e4
dxe4+ 47. Kxe4 Kd6 0-1

[Event "Cto Aragon Equipos 2016 Pref Gr I"]
[Site "Aragon"]
[Date "2016.02.20"]
[Round "4.36"]
[White "Garcia Estruch, Jorge"]
[Black "Merin Flores, Miguel Angel"]
[Result "0-1"]
[WhiteElo "1883"]
[BlackElo "1747"]
[PlyCount "100"]
[EventDate "2016.??.??"]
[EventType "team-tourn"]
[EventRounds "9"]
[WhiteTeam "Sabiñanigo"]
[BlackTeam "Ejea"]

1. e4 c6 2. d4 d5 3. exd5 cxd5 4. c4 e6 5. Nf3 Nf6 6. Nc3 Be7 7. cxd5 exd5 8.
Bd3 O-O 9. O-O Nc6 10. h3 Re8 11. Re1 Be6 12. a3 Rc8 13. Ne2 Bd6 14. Bg5 Qd7
15. Rc1 Nh5 16. Rc3 g6 17. Bb1 Ng7 18. Qd2 Bf5 19. Bxf5 Qxf5 20. Bh4 Qd7 21.
Nh2 Re4 22. Ng4 Be7 23. Bg3 h5 24. Ne5 Nxe5 25. Rxc8+ Qxc8 26. Bxe5 Qf5 27. Qh6
Rxe5 28. dxe5 Bg5 29. Nd4 Qf4 30. g3 Qd2 31. Nf3 Qxe1+ 32. Nxe1 Bxh6 33. Nd3
Ne6 34. Kf1 Bf8 35. f4 Nd4 36. g4 hxg4 37. hxg4 Be7 38. Kf2 Kf8 39. Ke3 Ne6 40.
f5 Bg5+ 41. Kf2 gxf5 42. gxf5 Nc7 43. Kf3 Ke8 44. Nc5 b6 45. Nd3 Be7 46. Kf4
Kd7 47. Nf2 Bc5 48. Ng4 a5 49. Nh6 Ke7 50. Ng4 a4 0-1

[Event "Cto Aragon Equipos 2016 Pref Gr I"]
[Site "Aragon"]
[Date "2016.02.20"]
[Round "4.37"]
[White "Cifuentes Parada, Roberto"]
[Black "Hefty, Jorge W"]
[Result "1-0"]
[WhiteElo "2469"]
[BlackElo "2352"]
[PlyCount "227"]
[EventDate "2016.??.??"]
[EventType "team-tourn"]
[EventRounds "9"]
[WhiteTeam "Jaque"]
[BlackTeam "IberCaja B"]

1. d4 Nf6 2. Nf3 e6 3. e3 c5 4. Bd3 b6 5. O-O Bb7 6. c4 Be7 7. Nc3 cxd4 8. exd4
d6 9. d5 e5 10. Ng5 Nbd7 11. f4 h6 12. Ne6 fxe6 13. dxe6 O-O 14. exd7 Qxd7 15.
fxe5 dxe5 16. Be3 Qg4 17. Nd5 Bxd5 18. cxd5 Qxd1 19. Rfxd1 Ng4 20. d6 Bxd6 21.
Bc4+ Kh8 22. Bxb6 Rf6 23. h3 axb6 24. hxg4 Bc5+ 25. Kh2 Rf2 26. Rab1 Rf4 27.
Be6 Bf2 28. g3 Rf6 29. Bd5 Re8 30. Be4 Bd4 31. Rd2 Ref8 32. Kh3 Rc8 33. a4 Rff8
34. b4 Rc3 35. Rd3 Rxd3 36. Bxd3 Rf3 37. Bg6 Rf6 38. Be4 g5 39. Rc1 Kg7 40. Bf5
Kf8 41. Kg2 e4 42. Rc4 Rd6 43. Bxe4 Ke7 44. Kf3 Kf6 45. a5 bxa5 46. bxa5 Ke5
47. Ra4 Rf6+ 48. Bf5 Rc6 49. a6 Rc3+ 50. Kg2 Ba7 51. Re4+ Kd5 52. Re7 Bc5 53.
Rd7+ Ke5 54. Rc7 Kd5 55. Rh7 Ra3 56. Rxh6 Bd6 57. Be6+ Kc5 58. Bc8 Rxg3+ 59.
Kf2 Ra3 60. Ke2 Bf4 61. Re6 Kd4 62. Bb7 Ra2+ 63. Kd1 Kd3 64. Be4+ Kd4 65. Bc2
Ra3 66. Bf5 Ra2 67. Re4+ Kc3 68. Re6 Kd4 69. Bb1 Ra3 70. Bg6 Ra2 71. Bf7 Kd3
72. Bg6+ Kd4 73. Rb6 Kc5 74. Rf6 Kd4 75. Bf7 Ra5 76. Kc2 Ke4 77. Rc6 Be3 78.
Kb3 Ra1 79. Re6+ Kd4 80. Rc6 Ke5 81. Bc4 Bd4 82. Re6+ Kf4 83. Be2 Re1 84. Kc4
Bg1 85. Kd3 Ra1 86. Rf6+ Kg3 87. Rf3+ Kh4 88. Rf6 Ra3+ 89. Kc4 Ra2 90. Re6 Kg3
91. Kb5 Rc2 92. Re4 Rc5+ 93. Kb4 Rc1 94. Bc4 Rb1+ 95. Bb3 Ra1 96. Ba4 Rb1+ 97.
Bb3 Ra1 98. Kb5 Kf3 99. Bd5 Kg3 100. Be6 Kf3 101. Bf5 Rb1+ 102. Rb4 Re1 103.
Kc6 Ra1 104. Kb7 Ra5 105. Bd7 Bf2 106. Rb2 Bg1 107. Rb1 Bd4 108. Rb3+ Kf2 109.
Rb5 Ra2 110. Rxg5 Be3 111. Rb5 Ra1 112. Rb2+ Kg1 113. g5 Ra5 114. Rb5 1-0

[Event "Cto Aragon Equipos 2016 Pref Gr I"]
[Site "Aragon"]
[Date "2016.02.20"]
[Round "4.38"]
[White "Jimenez Fernandez, Alejandro"]
[Black "Ereza Vizcarra, Fernando"]
[Result "0-1"]
[WhiteElo "1984"]
[BlackElo "1937"]
[PlyCount "84"]
[EventDate "2016.??.??"]
[EventType "team-tourn"]
[EventRounds "9"]
[WhiteTeam "IberCaja B"]
[BlackTeam "Jaque"]

1. d4 Nf6 2. Nf3 d6 3. c4 Nbd7 4. Nc3 e5 5. e4 c6 6. Be2 g6 7. O-O Bg7 8. Be3
O-O 9. d5 c5 10. Nd2 Ne8 11. a3 f5 12. f3 Ndf6 13. b4 f4 14. Bf2 b6 15. Rb1 Nh5
16. Qe1 Bh6 17. Rb2 Kh8 18. Nb3 Rg8 19. Nb5 Bf8 20. Nc1 Qf6 21. Nd3 Be7 22. a4
Qg5 23. Kh1 Qh6 24. Kg1 Qg5 25. Kh1 Qh6 26. a5 Ng3+ 27. Bxg3 fxg3 28. Qxg3 Bh4
29. Nxe5 dxe5 30. Qxe5+ Bf6 31. Qg3 Bxb2 32. bxc5 bxc5 33. f4 a6 34. Nc3 Nd6
35. e5 Nf5 36. Qd3 Nd4 37. e6 Qg7 38. Ne4 Bxe6 39. dxe6 Nxe6 40. Bg4 Qd4 41.
Qe2 Rae8 42. Rd1 Nxf4 0-1

[Event "Cto Aragon Equipos 2016 Pref Gr I"]
[Site "Aragon"]
[Date "2016.02.20"]
[Round "4.39"]
[White "Uldemolins Nivela, Mateo"]
[Black "Garcia Monterde, Francisco Jos"]
[Result "1-0"]
[WhiteElo "1922"]
[BlackElo "1949"]
[PlyCount "63"]
[EventDate "2016.??.??"]
[EventType "team-tourn"]
[EventRounds "9"]
[WhiteTeam "Jaque"]
[BlackTeam "IberCaja B"]

1. e4 c5 2. Nc3 Nc6 3. g3 g6 4. Bg2 Bg7 5. d3 e6 6. f4 d6 7. Nf3 Nge7 8. O-O
O-O 9. Be3 Nd4 10. e5 Nef5 11. Bf2 d5 12. Ne2 Nxf3+ 13. Bxf3 Qc7 14. g4 Ne7 15.
Ng3 f6 16. exf6 Bxf6 17. c3 Bg7 18. Be3 d4 19. cxd4 cxd4 20. Bd2 Bd7 21. Qb3
Kh8 22. Rac1 Nc6 23. Ne4 Rae8 24. Bb4 Qxf4 25. Bxf8 Rxf8 26. Qxb7 Ne5 27. Bg2
Qe3+ 28. Kh1 Nxd3 29. Rxf8+ Bxf8 30. Rf1 Nf4 31. Qxd7 e5 32. Nf6 1-0

[Event "Cto Aragon Equipos 2016 Pref Gr I"]
[Site "Aragon"]
[Date "2016.02.20"]
[Round "4.40"]
[White "Millan Martin, Alfonso"]
[Black "Escartin Lacasa, Jose"]
[Result "1-0"]
[WhiteElo "1750"]
[BlackElo "1841"]
[PlyCount "105"]
[EventDate "2016.??.??"]
[EventType "team-tourn"]
[EventRounds "9"]
[WhiteTeam "IberCaja B"]
[BlackTeam "Jaque"]

1. c4 c6 2. Nf3 d5 3. cxd5 cxd5 4. d4 Nf6 5. Nc3 e6 6. Bf4 Nc6 7. e3 Bd6 8.
Bxd6 Qxd6 9. Be2 O-O 10. O-O a6 11. a3 b5 12. b4 Bb7 13. Qd3 Rac8 14. Rac1 Rfd8
15. Rfd1 Qe7 16. Bf1 Rc7 17. Rc2 Rdc8 18. Rdc1 e5 19. dxe5 Nxe5 20. Nxe5 Qxe5
21. Ne2 Rxc2 22. Rxc2 g6 23. Rxc8+ Bxc8 24. Qc3 Qxc3 25. Nxc3 Kf8 26. Bd3 Ke7
27. Ne2 Nd7 28. Nd4 Ne5 29. Be2 Kd6 30. Kf1 Nc6 31. Nxc6 Kxc6 32. Ke1 Kd6 33.
Kd2 f6 34. Kc3 Bd7 35. Kd4 Bf5 36. Bf3 Be6 37. h4 h6 38. Bd1 g5 39. g3 Bd7 40.
Bb3 Be6 41. Bc2 Bd7 42. Bg6 Bg4 43. e4 Bf3 44. Bf5 Bxe4 45. Bxe4 dxe4 46. Kxe4
gxh4 47. gxh4 Ke6 48. h5 f5+ 49. Kd4 Kf6 50. f4 Ke6 51. Kc5 Ke7 52. Kd5 Kf6 53.
Kd6 1-0

[Event "Cto Aragon Equipos 2016 Pref Gr I"]
[Site "Aragon"]
[Date "2016.02.20"]
[Round "4.41"]
[White "Antonano Fedz-Quincoces, Aveli"]
[Black "Hinojar Basa, Alfonso"]
[Result "0-1"]
[WhiteElo "2006"]
[BlackElo "2196"]
[PlyCount "52"]
[EventDate "2016.??.??"]
[EventType "team-tourn"]
[EventRounds "9"]
[WhiteTeam "St. Casablanca D"]
[BlackTeam "Marcos Frechin"]

1. e4 e6 2. d4 d5 3. Nd2 Nf6 4. Bd3 c5 5. c3 Nc6 6. Ngf3 Qb6 7. O-O cxd4 8.
cxd4 dxe4 9. Nxe4 Be7 10. a3 Bd7 11. Bc2 Nd5 12. Re1 h6 13. Bb3 O-O 14. Qd3 Na5
15. Bc2 Bb5 16. Qd1 Rac8 17. b4 Nc6 18. Nc5 Rfd8 19. Bb2 a5 20. a4 Ndxb4 21.
axb5 Nxd4 22. Na4 Nxf3+ 23. Qxf3 Qxb5 24. Be4 Nd3 25. Qe2 Qb3 26. Ra3 Bxa3 0-1

[Event "Cto Aragon Equipos 2016 Pref Gr I"]
[Site "Aragon"]
[Date "2016.02.20"]
[Round "4.42"]
[White "Ciriano Lamban, Alejandro"]
[Black "Alvarez Gonzalo, Miguel Angel"]
[Result "1-0"]
[WhiteElo "2004"]
[BlackElo "1896"]
[PlyCount "101"]
[EventDate "2016.??.??"]
[EventType "team-tourn"]
[EventRounds "9"]
[WhiteTeam "Marcos Frechin"]
[BlackTeam "St. Casablanca D"]

1. d4 Nf6 2. c4 e6 3. Nc3 Bb4 4. e3 O-O 5. Nge2 Ne4 6. Qc2 f5 7. a3 Bxc3+ 8.
Nxc3 Nxc3 9. Qxc3 d6 10. Bd3 Nd7 11. Bd2 b6 12. O-O-O c5 13. d5 e5 14. f4 Rb8
15. g4 e4 16. Bc2 Nf6 17. gxf5 Rf7 18. Rdg1 Bxf5 19. Rg5 Qd7 20. Rhg1 h6 21.
R5g2 Kh7 22. Qb3 b5 23. Bc3 Ne8 24. cxb5 Rxb5 25. Qc4 Rb7 26. Bxe4 Kh8 27. Bxf5
Qxf5 28. Rg6 Qh3 29. Qe2 Nf6 30. Rxg7 Qf5 31. Rxf7 Rxf7 32. Qg4 Qxg4 33. Rxg4
Kh7 34. Bxf6 Rxf6 35. h4 Rf7 36. Kd2 Rb7 37. Kc3 a6 38. f5 Re7 39. e4 Re8 40.
h5 Re7 41. Kd3 Rb7 42. Kc3 Rf7 43. Rg6 Re7 44. Re6 Rd7 45. f6 Kg8 46. Kc4 Kf7
47. b4 cxb4 48. axb4 Rc7+ 49. Kd4 Rd7 50. e5 dxe5+ 51. Kxe5 1-0

[Event "Cto Aragon Equipos 2016 Pref Gr I"]
[Site "Aragon"]
[Date "2016.02.20"]
[Round "4.43"]
[White "Arjol Lopez, Daniel"]
[Black "De Pablo Zuniga, Hector Luis"]
[Result "1-0"]
[WhiteElo "1836"]
[BlackElo "1975"]
[PlyCount "105"]
[EventDate "2016.??.??"]
[EventType "team-tourn"]
[EventRounds "9"]
[WhiteTeam "St. Casablanca D"]
[BlackTeam "Marcos Frechin"]

1. e4 c5 2. Nf3 d6 3. d4 cxd4 4. Nxd4 Nf6 5. Nc3 a6 6. f3 e5 7. Nb3 Be6 8. Be3
Nbd7 9. Qd2 Be7 10. O-O-O Qc7 11. g4 Nb6 12. Bxb6 Qxb6 13. g5 Nh5 14. Kb1 Nf4
15. h4 h6 16. Rh2 O-O-O 17. Na4 Qc6 18. Qb4 d5 19. Qxe7 Qxa4 20. exd5 Nxd5 21.
Qc5+ Qc6 22. Qxc6+ bxc6 23. Bxa6+ Kc7 24. Rhd2 Ne3 25. Rxd8 Rxd8 26. Rxd8 Kxd8
27. Nc5 Ng2 28. Nd3 f6 29. gxh6 gxh6 30. Nc5 Bd5 31. Ne4 Bxe4 32. fxe4 Nxh4 33.
Be2 Ng6 34. Kc1 Kc7 35. Kd2 Kb6 36. Ke3 Nf4 37. Bf1 Ne6 38. c3 h5 39. b4 h4 40.
a4 Ng5 41. a5+ Ka7 42. Bg2 c5 43. b5 Nf7 44. b6+ Kb7 45. Kd3 Nd6 46. Bh3 c4+
47. Ke3 Nb5 48. Bf1 Nxc3 49. Bxc4 Na4 50. Kf3 Nc5 51. Kg4 Na6 52. Bxa6+ Kxa6
53. Kxh4 1-0

[Event "Cto Aragon Equipos 2016 Pref Gr I"]
[Site "Aragon"]
[Date "2016.02.20"]
[Round "4.44"]
[White "Santos Morales, Julio Cesar"]
[Black "Gasca Uson, Miguel"]
[Result "1-0"]
[WhiteElo "1851"]
[BlackElo "1369"]
[PlyCount "73"]
[EventDate "2016.??.??"]
[EventType "team-tourn"]
[EventRounds "9"]
[WhiteTeam "Marcos Frechin"]
[BlackTeam "St. Casablanca D"]

1. d4 d5 2. c4 e6 3. Nc3 c6 4. e3 f5 5. Qc2 Nf6 6. Bd3 Be7 7. Nf3 O-O 8. cxd5
cxd5 9. O-O Nc6 10. a3 Bd7 11. b4 Ne4 12. Bb2 Rf6 13. Ne5 Nxc3 14. Bxc3 Nxe5
15. dxe5 Rh6 16. f3 Rc8 17. Rac1 Qb6 18. Bd4 Rxc2 19. Bxb6 Rxc1 20. Rxc1 axb6
21. Rc7 Bc6 22. b5 Bc5 23. bxc6 bxc6 24. Kf2 Bxa3 25. Rxc6 Bc5 26. h3 Rh4 27.
Rxe6 Kf7 28. Bxf5 d4 29. exd4 Bxd4+ 30. Kg3 Rh5 31. Kf4 Rh4+ 32. Kg3 Rh5 33.
Kf4 Rh4+ 34. Kg5 Rh6 35. Rxh6 gxh6+ 36. Kf4 Ke7 37. Ke4 1-0

[Event "Cto Aragon Equipos 2016 Pref Gr I"]
[Site "Aragon"]
[Date "2016.02.20"]
[Round "4.45"]
[White "Sierra Aguerri, Joaquin"]
[Black "Sanmartin Agustin, Borja"]
[Result "1-0"]
[WhiteElo "2059"]
[BlackElo "2016"]
[PlyCount "139"]
[EventDate "2016.??.??"]
[EventType "team-tourn"]
[EventRounds "9"]
[WhiteTeam "Tauste"]
[BlackTeam "El Olivar C"]

1. e4 c5 2. Nc3 d6 3. f4 Nc6 4. Nf3 Nf6 5. Bb5 a6 6. Bxc6+ bxc6 7. O-O e6 8. d3
Qb6 9. Kh1 Be7 10. Qe1 d5 11. Qg3 g6 12. b3 Nh5 13. Qf2 Bf6 14. e5 Be7 15. Na4
Qa7 16. c4 Bd7 17. Be3 d4 18. Bd2 Ng7 19. Ba5 Rb8 20. Nb2 Nf5 21. Nd1 h5 22.
Qe1 Qb7 23. Nd2 Bh4 24. Qe2 Bd8 25. Bxd8 Rxd8 26. Ne4 Qb4 27. Nb2 Kf8 28. Na4
Kg7 29. Naxc5 Bc8 30. a3 Qb6 31. Rfb1 Qc7 32. b4 Qe7 33. Qf2 Rh6 34. a4 h4 35.
Kg1 Ne3 36. Re1 Ng4 37. Qf3 Ne3 38. Rxe3 dxe3 39. Qxe3 Qc7 40. a5 Rhh8 41. Qh3
Rd4 42. Qe3 Rdd8 43. Ra3 Qb8 44. Rb3 Qc7 45. Qh3 Rd4 46. Kf2 Rdd8 47. Ke2 Rh5
48. Qe3 Rf5 49. h3 Qe7 50. g4 hxg3 51. Nxg3 Qh4 52. Nxf5+ gxf5 53. Rb1 Rh8 54.
Rg1+ Kf8 55. Rg3 Qh5+ 56. Qf3 Qh4 57. Qe3 Rg8 58. Kf2 Rxg3 59. Qxg3 Qh5 60. Qf3
Qh4+ 61. Kf1 Kg7 62. d4 Kh6 63. Nd3 Bd7 64. c5 Kh7 65. Kg2 Kh8 66. Nf2 Be8 67.
Qg3 Qh5 68. h4 Qe2 69. Qg5 Qd2 70. h5 1-0

[Event "Cto Aragon Equipos 2016 Pref Gr I"]
[Site "Aragon"]
[Date "2016.02.20"]
[Round "4.46"]
[White "De La Riva Fernandez, Eduardo"]
[Black "Fernandez Rubio, Rafael"]
[Result "0-1"]
[WhiteElo "1922"]
[BlackElo "2042"]
[PlyCount "74"]
[EventDate "2016.??.??"]
[EventType "team-tourn"]
[EventRounds "9"]
[WhiteTeam "El Olivar C"]
[BlackTeam "Tauste"]

1. Nf3 Nf6 2. c4 c5 3. g3 b6 4. Bg2 Bb7 5. O-O e6 6. b3 Be7 7. Bb2 d6 8. e3
Nbd7 9. Qe2 Qc7 10. Rd1 O-O 11. Nc3 a6 12. Rac1 Rac8 13. d4 cxd4 14. exd4 Qb8
15. Ba3 Rfe8 16. Bh3 Bf8 17. Bg2 Qa8 18. Ne1 Bxg2 19. Nxg2 e5 20. Ne3 exd4 21.
Rxd4 Ne5 22. Ncd5 Nfd7 23. f4 Nc6 24. Rd3 b5 25. Qg4 Qa7 26. Kg2 bxc4 27. Rxc4
Qb7 28. Kf2 Kh8 29. Nf5 Nc5 30. Rd1 Ne4+ 31. Kf1 Re6 32. Qf3 Rce8 33. Rxc6 Qxc6
34. Qg4 Qc2 35. Qe2 Qxe2+ 36. Kxe2 Nc3+ 37. Kd2 Nxd5 0-1

[Event "Cto Aragon Equipos 2016 Pref Gr I"]
[Site "Aragon"]
[Date "2016.02.20"]
[Round "4.47"]
[White "Sancho Casale, Jesus"]
[Black "Hernandez Delgado, Gabriel"]
[Result "0-1"]
[WhiteElo "1997"]
[BlackElo "1905"]
[PlyCount "76"]
[EventDate "2016.??.??"]
[EventType "team-tourn"]
[EventRounds "9"]
[WhiteTeam "Tauste"]
[BlackTeam "El Olivar C"]

1. e4 d6 2. d4 Nf6 3. Nc3 Nbd7 4. Nge2 e5 5. f3 Be7 6. Be3 c6 7. Qd2 O-O 8. g4
b5 9. Ng3 exd4 10. Bxd4 b4 11. Nce2 c5 12. Be3 Ne5 13. Ng1 Nfd7 14. Nf5 Nb6 15.
Nxe7+ Qxe7 16. h3 Bb7 17. Bg2 d5 18. Qf2 Rac8 19. f4 Nec4 20. b3 Nxe3 21. Qxe3
dxe4 22. Ne2 Rfe8 23. O-O Nd5 24. Qg3 Ba6 25. Rfe1 Qf6 26. Rad1 Rcd8 27. g5 Qb2
28. Rd2 Bxe2 29. Rdxe2 Qd4+ 30. Kh1 Nc3 31. Re3 Re7 32. f5 Rde8 33. h4 Nd1 34.
R3e2 e3 35. Bc6 Rd8 36. Bb5 Re4 37. Rh2 Nf2+ 38. Kg2 Rg4 0-1

[Event "Cto Aragon Equipos 2016 Pref Gr I"]
[Site "Aragon"]
[Date "2016.02.20"]
[Round "4.48"]
[White "Sarto Ramos, Angel"]
[Black "Vera Jimenez, Andres"]
[Result "1/2-1/2"]
[WhiteElo "1880"]
[BlackElo "1967"]
[PlyCount "45"]
[EventDate "2016.??.??"]
[EventType "team-tourn"]
[EventRounds "9"]
[WhiteTeam "El Olivar C"]
[BlackTeam "Tauste"]

1. d4 Nf6 2. Nf3 g6 3. Nc3 d5 4. Bf4 c6 5. e3 Bg7 6. Bd3 Nbd7 7. h3 O-O 8. O-O
Re8 9. Ne5 Nh5 10. Bh2 h6 11. f4 f6 12. Nxd7 Bxd7 13. Ne2 e5 14. c3 Qc7 15. Kh1
Rad8 16. Qb3 Bc8 17. e4 Kh8 18. exd5 e4 19. Bc2 cxd5 20. Bg1 b6 21. a4 Ba6 22.
Rae1 Bc4 23. Qa3 1/2-1/2

[Event "Cto Aragon Equipos 2016 Pref Gr I"]
[Site "Aragon"]
[Date "2016.02.20"]
[Round "4.49"]
[White "Palacios Herrero, Pablo"]
[Black "Accattato Martin, Nicola"]
[Result "1-0"]
[WhiteElo "2149"]
[BlackElo "2000"]
[PlyCount "85"]
[EventDate "2016.??.??"]
[EventType "team-tourn"]
[EventRounds "9"]
[WhiteTeam "Palacio de Pioneros A"]
[BlackTeam "Monsalud"]

1. e4 d5 2. exd5 Nf6 3. Nc3 Nxd5 4. Nxd5 Qxd5 5. Qf3 Qc5 6. c3 e5 7. Bd3 a5 8.
Ne2 Bd6 9. Be4 c6 10. d4 exd4 11. cxd4 Qb4+ 12. Qc3 O-O 13. O-O Nd7 14. Qc2 Nf6
15. Bd3 h6 16. Rd1 Qb6 17. Bf4 Qc7 18. Bxd6 Qxd6 19. Nc3 Be6 20. Bf1 Rfd8 21.
Na4 Bg4 22. f3 Bh5 23. Nb6 Rab8 24. Qc5 Qf4 25. Qe5 Qg5 26. Rac1 Nd5 27. Nxd5
cxd5 28. Qxg5 hxg5 29. Rc5 b6 30. Rc6 g4 31. f4 g3 32. Re1 gxh2+ 33. Kxh2 Bg4
34. Bd3 g6 35. Re7 Rbc8 36. Rxb6 Rc1 37. Ra7 Rd1 38. Bxg6 Rxd4 39. Rxf7 Bc8 40.
Rc6 Rb4 41. Rcc7 Be6 42. Rfe7 Rb6 43. f5 1-0

[Event "Cto Aragon Equipos 2016 Pref Gr I"]
[Site "Aragon"]
[Date "2016.02.20"]
[Round "4.50"]
[White "Lacruz Algarate, Alvaro"]
[Black "Romero Pallares, Daniel"]
[Result "0-1"]
[WhiteElo "1986"]
[BlackElo "2135"]
[PlyCount "104"]
[EventDate "2016.??.??"]
[EventType "team-tourn"]
[EventRounds "9"]
[WhiteTeam "Monsalud"]
[BlackTeam "Palacio de Pioneros A"]

1. e4 g6 2. d4 Bg7 3. Nf3 d6 4. Bc4 Nf6 5. e5 dxe5 6. Nxe5 O-O 7. O-O Nbd7 8.
f4 c5 9. dxc5 Qc7 10. Qe2 Nxe5 11. fxe5 Qxc5+ 12. Kh1 Bg4 13. Qd3 Qxe5 14. Be3
Rad8 15. Qb3 b5 16. Bxb5 Be6 17. c4 Ng4 18. Bg1 Qxb2 19. Na3 Qxb3 20. axb3 Bxa1
21. Rxa1 Rd3 22. Rb1 Rfd8 23. h3 Ne3 24. Bc6 Rd1 25. Kh2 Nf1+ 26. Kh1 Ng3+ 27.
Kh2 Rxb1 28. Nxb1 Nf1+ 29. Kh1 Ng3+ 30. Kh2 Nf1+ 31. Kh1 Rd1 32. Na3 Ng3+ 33.
Kh2 Nf1+ 34. Kh1 Nd2 35. Ba4 Bxh3 36. Kh2 Bf5 37. Bxa7 Nxb3 38. Nb5 Rd3 39. c5
Bd7 40. Bb6 Nxc5 41. Bxc5 Bxb5 42. Bxb5 Rd5 43. Bxe7 Rxb5 44. Bf6 Rf5 45. Bd4
f6 46. Kh3 Kf7 47. g3 Rd5 48. Bb6 Ke6 49. Kg4 h5+ 50. Kf3 Rb5 51. Bd8 Kf5 52.
Be7 Rb3+ 0-1

[Event "Cto Aragon Equipos 2016 Pref Gr I"]
[Site "Aragon"]
[Date "2016.02.20"]
[Round "4.51"]
[White "Baquedano Coarasa, Pablo"]
[Black "Soriano Gracia, Manuel"]
[Result "0-1"]
[WhiteElo "2031"]
[BlackElo "1856"]
[PlyCount "122"]
[EventDate "2016.??.??"]
[EventType "team-tourn"]
[EventRounds "9"]
[WhiteTeam "Palacio de Pioneros A"]
[BlackTeam "Monsalud"]

1. d4 d5 2. c4 Nf6 3. cxd5 Nxd5 4. e4 Nb6 5. Nc3 e6 6. Be3 N8d7 7. Nf3 Bb4 8.
Be2 Nf6 9. Qc2 Bd7 10. Bd3 h6 11. O-O Rc8 12. a3 Be7 13. b4 Ng4 14. Bf4 g5 15.
Bg3 h5 16. h3 Nh6 17. Ne5 g4 18. hxg4 hxg4 19. Rad1 Bh4 20. d5 Qg5 21. Nxd7
Nxd7 22. Bb5 c6 23. dxc6 bxc6 24. Ba6 Ne5 25. Qd2 Qxd2 26. Rxd2 Bxg3 27. Bxc8
Bf4 28. Rd4 Nf5 29. Rfd1 Nxd4 30. Rxd4 Ke7 31. Bb7 g3 32. Ne2 gxf2+ 33. Kxf2
Bg5 34. Nc3 Rb8 35. Ba6 Rd8 36. Rxd8 Kxd8 37. Ke2 Kc7 38. Bd3 Bc1 39. a4 Kb6
40. Na2 Bf4 41. Bc2 a5 42. Bb3 axb4 43. Nxb4 Ka5 44. Nd3 Ng6 45. Kf3 Bd6 46.
Ke2 Nf8 47. Kd2 Nd7 48. Kc3 Nb6 49. Nb2 Be5+ 50. Kc2 Bxb2 51. Kxb2 Nxa4+ 52.
Ka3 Nc5 53. Bc2 e5 54. Bb1 f6 55. g3 Kb5 56. Bc2 Kc4 57. g4 Kd4 58. Kb4 Nxe4
59. Bb3 c5+ 60. Kb5 Nf2 61. Be6 Ne4 0-1

[Event "Cto Aragon Equipos 2016 Pref Gr I"]
[Site "Aragon"]
[Date "2016.02.20"]
[Round "4.52"]
[White "Moreno Martin-Viveros, Alvaro"]
[Black "Dan, Teodor"]
[Result "1/2-1/2"]
[WhiteElo "1777"]
[BlackElo "1968"]
[PlyCount "107"]
[EventDate "2016.??.??"]
[EventType "team-tourn"]
[EventRounds "9"]
[WhiteTeam "Monsalud"]
[BlackTeam "Palacio de Pioneros A"]

1. d4 g6 2. Nf3 Nf6 3. c4 Bg7 4. Nc3 O-O 5. e4 d6 6. Be2 e5 7. d5 a5 8. Be3 Ng4
9. Bg5 f6 10. Bh4 Qe8 11. Nb5 Na6 12. Nd2 f5 13. Rc1 Nf6 14. O-O Nxe4 15. Nxe4
fxe4 16. Qd2 b6 17. a3 Bf6 18. Bxf6 Rxf6 19. b4 axb4 20. axb4 c5 21. Ra1 Bd7
22. Rxa6 Rxa6 23. Nc7 Qc8 24. Nxa6 Qxa6 25. Qb2 Rf8 26. Ra1 Qc8 27. Ra7 Rf7 28.
Qa2 Kg7 29. Ra8 Qc7 30. b5 Bc8 31. Qb1 Qb7 32. Ra3 Bf5 33. Qc1 h5 34. Qg5 Qe7
35. Qg3 Kh7 36. Ra6 Qd8 37. h4 Bc8 38. Ra3 Bb7 39. Ra2 Qf6 40. Ra3 Qf4 41. Re3
Qxg3 42. Rxg3 Bc8 43. Ra3 Bb7 44. Bd1 Bc8 45. Ra8 Bf5 46. Ra6 Rb7 47. Kf1 Kg7
48. Ke1 Kf7 49. Kd2 e3+ 50. Kxe3 Ke7 51. Be2 Bd7 52. f4 exf4+ 53. Kxf4 Bf5 54.
g3 1/2-1/2

[Event "Cto Aragon Equipos 2016 Pref Gr II"]
[Site "Aragon"]
[Date "2016.02.20"]
[Round "4.53"]
[White "Fontana Sotomayor, Luis Javier"]
[Black "Malo Guillen, Jose Luis"]
[Result "1/2-1/2"]
[WhiteElo "2315"]
[BlackElo "2148"]
[PlyCount "76"]
[EventDate "2016.01.30"]
[WhiteTeam "Jaime Casas B"]
[BlackTeam "Las Fuentes"]

1. b3 Nf6 2. Bb2 e6 3. e3 d5 4. Nf3 Be7 5. c4 b6 6. Be2 Bb7 7. O-O O-O 8. Nc3
c5 9. cxd5 Nxd5 10. Rc1 Nc6 11. Qc2 Bf6 12. Rfd1 Rc8 13. Qb1 Qe7 14. Nxd5 exd5
15. d4 cxd4 16. Nxd4 Nxd4 17. Bxd4 Bxd4 18. Rxd4 Rxc1+ 19. Qxc1 Rc8 20. Qd2 Qa3
$11 21. f4 g6 22. h3 Qc1+ 23. Qxc1 Rxc1+ 24. Bd1 f5 25. Kf2 Kf7 26. Rd2 Ke6 27.
Bf3 Rc3 28. Bd1 Rc1 29. g4 Rc3 30. g5 a5 31. h4 Ba6 32. h5 Bd3 33. hxg6 hxg6
34. Bf3 b5 35. Be2 Bxe2 36. Kxe2 b4 37. Kf2 Rc1 38. Ke2 Rc3 $11 1/2-1/2